Trends in Retailing and Covid-19 Pandemic

Súčasný stav v maloobchode. Vplyv koronavírusu na retail. Budúce trendy.

Salvato in:
Dettagli Bibliografici
Autore principale: Petrovčiková, Katarína, 1977-
Altri autori: Lieskovská, Vanda, 1961-
Natura: Capitolo di libro
Lingua:inglese
Soggetti:
Tags: Aggiungi Tag
Nessun Tag, puoi essere il primo ad aggiungerne!!

MARC

LEADER 00000naa$a2200000$$$4500
001 0269189
005 20240502083807.2
041 0 |a eng 
044 |a KZ 
245 1 0 |a Trends in Retailing and Covid-19 Pandemic  |c Katarína Petrovčiková, Vanda Lieskovská 
520 |a Súčasný stav v maloobchode. Vplyv koronavírusu na retail. Budúce trendy. 
610 2 0 |a maloobchod 
610 2 0 |a ochrana zdravia 
610 2 0 |a produkt domáci hrubý 
610 2 0 |a zákazníci 
610 2 0 |a koronavírus 
100 1 |a Petrovčiková, Katarína, 1977- 
700 1 |a Lieskovská, Vanda, 1961-